| 000 | 00473nam a22001217a 4500 | ||
|---|---|---|---|
| 999 |
_c18784 _d18784 |
||
| 008 | 210211b xxu||||| |||| 00| 0 eng d | ||
| 050 |
_aGMB0105 _b.K56 2015 c.1 |
||
| 100 | _aKing'ori, Mary Wanjugu | ||
| 245 |
_aEffect of generation Y motivators on generation-Y organizational commitment _ba case study of Nakuru county government headquarters _cMary Wanjugu King'ori |
||
| 260 |
_aKabarak, Nakuru, Kenya _bKabarak University _c2015 |
||
| 300 | _a76 leaves | ||
| 942 |
_2lcc _cTHE |
||